000 00319nam a2200121Ia 4500
008 220204s9999 xx 000 0 und d
082 _a002
_bPEN
100 _aAleyamma Mathai, Patrick R
245 0 _aLibrary as a learning service center
260 _aNew york
_bMarcel Dekker
_c1978
700 _aPenland
942 _cBK
999 _c31286
_d31286